El periodismo en las transiciones políticas : De la Revolución Portuguesa y la Transición Española a la Primavera Árabe (Record no. 66562)

MARC details
000 -LEADER
campo de control de longitud fija 00623nmm a2200181Ia 4500
008 - DATOS DE LONGITUD FIJA--INFORMACIÓN GENERAL
campo de control de longitud fija 251105s9999||||xx |||||||||||||||||und||
020 ## - NÚMERO INTERNACIONAL ESTÁNDAR DEL LIBRO
Número Internacional Estándar del Libro 9788499406909
041 ## - CÓDIGO DE IDIOMA
Código de lengua del texto/banda sonora o título independiente spa
100 ## - ENTRADA PRINCIPAL--NOMBRE DE PERSONA
Nombre de persona Guilaumet, Jaume
245 #0 - MENCIÓN DEL TÍTULO
Título El periodismo en las transiciones políticas : De la Revolución Portuguesa y la Transición Española a la Primavera Árabe
264 ## - PRODUCCIÓN, PUBLICACIÓN, DISTRIBUCIÓN, FABRICACIÓN Y COPYRIGHT
Producción, publicación, distribución, fabricación y copyright [Madrid, España] :
Nombre del de productor, editor, distribuidor, fabricante Biblioteca Nueva,
Fecha de producción, publicación, distribución, fabricación o copyright 2014
300 ## - DESCRIPCIÓN FÍSICA
Extensión 368 páginas
650 ## - PUNTO DE ACCESO ADICIONAL DE MATERIA--TÉRMINO DE MATERIA
Término de materia o nombre geográfico como elemento de entrada Media Studies (Journ., TV, etc)
700 ## - ENTRADA AGREGADA--NOMBRE PERSONAL
Nombre de persona Guilaumet, Jaume
700 1# - ENTRADA AGREGADA--NOMBRE PERSONAL
Nombre de persona Salgado, Francesc
856 ## - LOCALIZACIÓN Y ACCESO ELECTRÓNICOS
Identificador Uniforme de Recursos <a href="https://public.digitaliapublishing.com/a/29867">https://public.digitaliapublishing.com/a/29867</a>
942 ## - ELEMENTOS DE ENTRADA SECUNDARIOS (KOHA)
Tipo de ítem Koha Libro Digital

No items available.

Powered by Koha